Visualizzazione normale
Vista MARC
- Duje
di Personal Name
Records bibliografici associati: 1
001 - CONTROL NUMBER
- control field: 16858
003 - CONTROL NUMBER IDENTIFIER
- control field: IT-RoPau
005 - DATE AND TIME OF LATEST TRANSACTION
- control field: 20140317152729.0
008 - FIXED-LENGTH DATA ELEMENTS
- fixed length control field: 140317|| aca||aabn | a|a d
040 ## - CATALOGING SOURCE
- Original cataloging agency: IT-RoPau
- Transcribing agency: IT-RoPau
100 ## - HEADING--PERSONAL NAME
- Personal name: Duje
670 ## - SOURCE DATA FOUND
- Source citation: Work cat.: (IT-RoPau)16598: Kovacevic-Duje P.F., O.P. 16857, Sintesi di Teologia Orientale.dei Pravoslavi, 1960